Dumb And Dumber (Record no. 15999)

MARC details
000 -LEADER
fixed length control field 01593nam a22003497a 4500
003 - CONTROL NUMBER IDENTIFIER
control field dpl
005 - DATE AND TIME OF LATEST TRANSACTION
control field 20080911114410.0
008 - FIXED-LENGTH DATA ELEMENTS--GENERAL INFORMATION
fixed length control field 080911t xxu||||| |||| 00| 0 eng d
010 ## - LIBRARY OF CONGRESS CONTROL NUMBER
LC control number DVD-000756-757
024 ## - OTHER STANDARD IDENTIFIER
Source of number or code EDVDD-2234
Terms of availability 499.00
035 ## - SYSTEM CONTROL NUMBER
System control number DVD-000756-757
040 ## - CATALOGING SOURCE
Original cataloging agency DPL
Transcribing agency DPL
082 ## - DEWEY DECIMAL CLASSIFICATION NUMBER
Classification number DVD / DUMB
245 ## - TITLE STATEMENT
Title Dumb And Dumber
Statement of responsibility, etc New Line Cinema Presents
Medium [videorecording] (DVD) /
260 ## - PUBLICATION, DISTRIBUTION, ETC. (IMPRINT)
Name of publisher, distributor, etc New Line Cinema Presents/ Home Entertainment Presents
Place of publication, distribution, etc Delhi
300 ## - PHYSICAL DESCRIPTION
Extent 1 videodiscs (113 min.):
Other physical details sd., col.;
Dimensions 4 3/4 in.
Type of unit DVD
440 ## - SERIES STATEMENT/ADDED ENTRY--TITLE
Title Eagle Home Entertainment Presents
500 ## - GENERAL NOTE
General note DVD is copy protectaed
538 ## - SYSTEM DETAILS NOTE
System details note Dolby Digital 5.1-English Subtitles- English, Hindi
538 ## - SYSTEM DETAILS NOTE
System details note Aspect Ratio:2.35.1, Presentation Type: Wide Screen, Presentation Size 16x9, Formation: DVD 9- Dual Layer Single sided Disc,
650 ## - SUBJECT ADDED ENTRY--TOPICAL TERM
Source of heading or term Motion Picture
700 ## - ADDED ENTRY--PERSONAL NAME
Personal name Carry, Jim
700 ## - ADDED ENTRY--PERSONAL NAME
Personal name Daniels, Jeef
700 ## - ADDED ENTRY--PERSONAL NAME
Personal name Krevdy, Brad
700 ## - ADDED ENTRY--PERSONAL NAME
Personal name Starler, Steve
700 ## - ADDED ENTRY--PERSONAL NAME
Personal name Wessler, Charles B.
700 ## - ADDED ENTRY--PERSONAL NAME
Personal name Garr, Terri
942 ## - ADDED ENTRY ELEMENTS (KOHA)
Source of classification or shelving scheme Dewey Decimal Classification
Koha item type CD-ROMs, DVDs, VHS
Classification part DVD
Call number suffix DUMB
Holdings
Withdrawn status Lost status Source of classification or shelving scheme Damaged status Not for loan Home library Current library Date acquired Source of acquisition Cost, normal purchase price Total Checkouts Total Renewals Full call number Barcode Date last seen Date checked out Copy number Cost, replacement price Price effective from Koha item type
    Dewey Decimal Classification     Central Library Central Library 29/09/2008 Purchase 499.00 9 1 DVD DUMB DVD-000756 27/07/2009 04/07/2009 1 499.00 29/09/2008 CD-ROMs, DVDs, VHS
    Dewey Decimal Classification     Sarojini Nagar Sarojini Nagar 29/09/2008 Purchase 499.00 46 1 DVD DUMB DVD-000757 03/07/2015 01/07/2015 1 499.00 29/09/2008 CD-ROMs, DVDs, VHS

© Delhi Public Library
Hit Counter
free hit counter